header

Human language technologies (Record no. 239082)

MARC details
000 -LEADER
fixed length control field 01759nam a2200373 a 4500
245 10 - TITLE STATEMENT
Title Human language technologies
260 ## - PUBLICATION, DISTRIBUTION, ETC. (IMPRINT)
Place of publication Washington, D.C. :
Name of publisher IOS Press,
Year of publication 2010.
300 ## - PHYSICAL DESCRIPTION
Number of Pages xi, 251 p. :
Other physical details ill. (some col.).
490 1# - SERIES STATEMENT
Series statement Frontiers in artificial intelligence and applications,
650 #0 - SUBJECT ADDED ENTRY--TOPICAL TERM
Topical Term Computational linguistics
Topical Term Machine translating
Topical Term Natural language processing (Computer science)
Topical Term Automatic speech recognition
700 1# - ADDED ENTRY--PERSONAL NAME
Personal name Skadina, Inguna.
Personal name Vasiljevs, Andrejs.
856 40 - ELECTRONIC LOCATION AND ACCESS
Uniform Resource Identifier http://site.ebrary.com/lib/rucke/Doc?id=10425037

No items available.

© 2026 Rongo University
Contact us: librarian | system librarian | Rongo university